Taylor Swift - Father Figure Lyrics - Statistics

General Stats
  • This quiz has been taken 54 times
  • The average score is 296 of 355
Answer Stats
Answer % Correct
I
100%
(I
100%
you
100%
"You
100%
you)
100%
You
100%
a
97%
When
97%
your
97%
Your
97%
father
94%
figure
94%
the
94%
The
94%
to
94%
to)
94%
we
94%
with
94%
be
92%
can
92%
it
92%
Leave
92%
me
92%
me"
92%
my
92%
My
92%
that
92%
That
92%
were
92%
bigger
89%
brown
89%
dick's
89%
found
89%
young
89%
before
86%
deal
86%
devil
86%
family
86%
I'll
86%
in
86%
know
86%
make
86%
of
86%
protect
86%
remind
86%
want
86%
younger
86%
because
83%
deals
83%
drank
83%
drink
83%
liquor
83%
out
83%
potential
83%
saw
83%
"They
83%
they
83%
They
83%
was
83%
and
81%
dear
81%
fishes
81%
is
81%
like
81%
On
81%
on
81%
turns
81%
You'll
81%
you're
81%
don't
78%
fight?
78%
for
78%
got
78%
into
78%
loyalty
78%
made
78%
place
78%
This
78%
this
78%
Who
78%
drowning
75%
love
75%
office
75%
Pulled
75%
pulled
75%
sleeping
75%
surrounded
75%
used
75%
all
72%
All
72%
just
72%
profit
72%
pure
72%
step
72%
up
72%
change
69%
cold
69%
sleeve
69%
tears
69%
wrong
69%
boy
67%
cancelled
67%
dry
67%
empire
67%
trigger
67%
turned
67%
ambition
64%
belongs
64%
card
64%
find
64%
kindness
64%
leads
64%
Mistake
64%
scandals?
64%
streets
64%
weakness
64%
chateau
61%
covered
61%
dreams
61%
gold
61%
had
61%
lost
61%
name
61%
protégé
61%
road
61%
see
61%
They'll
61%
asked
58%
decisions
58%
foolish
58%
get
58%
ignition
58%
kisses
58%
Said
58%
check
56%
grain
56%
Jag'
56%
led
56%
pay
56%
rid
56%
sparked
56%
thoughtless
56%
tricks
56%
wanna
56%
which
56%
Whose
56%
mahogany
53%
mantel?
53%
misguided
53%
portrait's
53%
rise
53%
showed
53%
visions
53%
winding
53%
fulfill
50%
reign"
50%
rags
47%
trade
47%
(Not
33%
wayward
33%
No matching quizzes found
Score Distribution
Percent of People with Each Score
Percentile by Number Answered
Your Score History
You have not taken this quiz